| 000 | 00580nam a2200193 i 4500 | ||
|---|---|---|---|
| 001 | 43001 | ||
| 003 | ES-MaACL | ||
| 005 | 20230906160721.0 | ||
| 007 | t| | ||
| 008 | 030314s1982 sp ||||1| spa d | ||
| 100 | 1 |
_aCencillo, Luis. _937397 |
|
| 245 | 1 | 4 |
_aLos sueños, factor terápico / _cLuis Cencillo. |
| 260 |
_a[Madrid : _bMarova : _bHalar, _c1982] |
||
| 300 |
_a291 p. ; _c21 cm. |
||
| 490 | 1 | _aBiblioteca Marova de estudios del hombre | |
| 830 | 0 |
_aBiblioteca Marova de estudios del hombre _9181307 |
|
| 852 |
_aES-MaACL _jL-3160 _bR.103800 |
||
| 999 |
_c43001 _d43001 |
||